[Event "Kort Paaske 1-1"]
[Site "Svendborg"]
[Date "2019.04.15"]
[Round "4"]
[White "Aagaard, Gert"]
[Black "Ramkilde, Mikael"]
[Result "0-1"]
[WhiteElo "2033"]
[BlackElo "1949"]
[EventDate "2019.04.13"]
[EventRounds "5"]
[EventCountry "DEN"]
[WhiteFideId "1427024"]
[BlackFideId "1439391"]

1. d4 Nf6 2. Bf4 g6 3. f3 Nh5 4. Bg5 h6 5. Bh4 Bg7 6. e4 c5 7. c3 cxd4 8. cxd4 Qb6 9. Qc1 Nc6 10. Nc3 Bxd4 11. Nge2 Bg7 12. g4 Ne5 13. Ng1 Nf6 14. Bf2 Qa5 15. b4 Qd8 16. Qd2 O-O 17. Be3 h5 18. h3 d6 19. Be2 Be6 20. Rc1 Rc8 21. Kf2 Bc4 22. g5 Ne8 23. Bd4 Bxe2 24. Ngxe2 Nc4 25. Qd3 Ne5 26. Qb5 a6 27. Qxb7 Nd3+ 28. Kg2 Bxd4 29. Nxd4 Nxc1 30. Nc6 Rxc6 31. Qxc6 Nd3 32. Qc4 Nf4+ 33. Kg3 e5 34. h4 Nc7 35. Qc6 Nce6 36. Rd1 Nd4 37. Qxa6 Qd7 38. Rh1 Rc8 39. Nd5 Nxd5 40. exd5 Qf5 41. Rf1 Rc2  0-1

[Event "Kort Paaske 1-1"]
[Site "Svendborg"]
[Date "2019.04.15"]
[Round "4"]
[White "Steenstrup, Svend"]
[Black "Nielsen, Aage Sondergaard"]
[Result "0-1"]
[WhiteElo "1964"]
[BlackElo "1911"]
[EventDate "2019.04.13"]
[EventRounds "5"]
[EventCountry "DEN"]
[WhiteFideId "1409182"]
[BlackFideId "1409859"]

1. d4 e6 2. e4 d5 3. e5 c5 4. c3 Nc6 5. Nf3 Qb6 6. Bd3 Bd7 7. O-O cxd4 8. cxd4 Nxd4 9. Nbd2 Nc6 10. Nb3 Nge7 11. Be3 Qc7 12. Rc1 Ng6 13. Nc5 Be7 14. b4 a6 15. a4 Qb8 16. Nxd7 Kxd7 17. b5 Ncxe5 18. Nd4 Nxd3 19. Qxd3 Ne5 20. Qb3 Rc8 21. Rxc8 Qxc8 22. f4 Nc4 23. f5 e5 24. Nc2 Ke8 25. Kh1 axb5 26. Qxb5+ Qc6 27. Rb1 Rxa4 28. h3 Nxe3 29. Nxe3 d4 30. Qxe5 dxe3 31. Qxg7 Ra2 32. Qh8+ Kd7 33. Qd4+ Bd6 34. Qg4 e2 35. Qg7 Qd5 36. f6 Qd1+  0-1

[Event "Kort Paaske 1-1"]
[Site "Svendborg"]
[Date "2019.04.15"]
[Round "4"]
[White "Voll, Oddvar U"]
[Black "Grotnes, Nils"]
[Result "1/2-1/2"]
[WhiteElo "1914"]
[BlackElo "2180"]
[EventDate "2019.04.13"]
[EventRounds "5"]
[EventCountry "DEN"]
[WhiteFideId "1533827"]
[BlackFideId "1500317"]

1. e4 c6 2. d4 d5 3. exd5 cxd5 4. c4 Nf6 5. Nf3 Nc6 6. Nc3 Bg4 7. cxd5 Nxd5 8. Be2 e6 9. O-O Be7 10. h3 Bh5 11. Qa4 O-O 12. Rd1 Nxc3 13. bxc3 Qa5 14. Qb3 Qc7 15. Be3 Rfd8 16. Rac1 Na5 17. Qb5 Rd5 18. Qa4 Nc6 19. c4 Ra5 20. Qb3 Ra3  1/2-1/2

[Event "Kort Paaske 1-1"]
[Site "Svendborg"]
[Date "2019.04.15"]
[Round "4"]
[White "Nielsen, Michael Volstrup"]
[Black "Jacobsen, Jonathan Roed Gundorf"]
[Result "1-0"]
[WhiteElo "1906"]
[BlackElo "1860"]
[EventDate "2019.04.13"]
[EventRounds "5"]
[EventCountry "DEN"]
[WhiteFideId "1454749"]
[BlackFideId "1461044"]

1. d4 Nf6 2. Bf4 g6 3. Nc3 Bg7 4. e4 d6 5. Be2 O-O 6. Qd2 c5 7. d5 a6 8. a4 Qa5 9. Ra3 Nbd7 10. f3 Rb8 11. Bh6 c4 12. Bxg7 Kxg7 13. Bxc4 Qb4 14. Bb3 b5 15. Nge2 Nb6 16. axb5 axb5 17. Nd4 Bd7 18. O-O Qc5 19. Nce2 b4 20. Raa1 Bb5 21. Kh1 Ra8 22. Nxb5 Qxb5 23. h3 Nh5 24. Qd4+ Kg8 25. Qd3 Qxd3 26. cxd3 Nd7 27. Kg1 Nc5 28. Bc4 Ra4 29. d4 Rxa1 30. Rxa1 Nd7 31. Ra7 Nb6 32. Bb5 Ra8 33. Rxa8+ Nxa8 34. b3 f5 35. e5 Nc7 36. Bc6 Ng7 37. Nc1 e6 38. exd6  1-0

[Event "Kort Paaske 1-1"]
[Site "Svendborg"]
[Date "2019.04.15"]
[Round "4"]
[White "Christensen, Anders"]
[Black "Falberg, Hugo"]
[Result "1-0"]
[WhiteElo "1918"]
[BlackElo "1874"]
[EventDate "2019.04.13"]
[EventRounds "5"]
[EventCountry "DEN"]
[WhiteFideId "1415921"]
[BlackFideId "1406159"]

1. e4 e5 2. Nf3 Nc6 3. Bb5 a6 4. Ba4 Nf6 5. O-O Be7 6. Re1 b5 7. Bb3 d6 8. c3 O-O 9. h3 Na5 10. Bc2 c5 11. d4 Qc7 12. Bg5 cxd4 13. cxd4 Bb7 14. Nbd2 h6 15. Bh4 Rac8 16. Rc1 Rfe8 17. Bb1 Qb8 18. Qe2 Nd7 19. Bxe7 Rxe7 20. d5 Nb6 21. b3 f5 22. Nh4 Rxc1 23. Rxc1 Bc8 24. exf5 Nxd5 25. Ne4 Rc7 26. Rd1 Nc3 27. Nxc3 Rxc3 28. Qd2 Qc7 29. Qd5+ Qf7 30. Qxd6 Nc6 31. Be4 Qh5 32. Ng6 Bxf5 33. Qf8+ Kh7 34. Bxf5 Qxd1+ 35. Kh2 Qd8 36. Ne7+  1-0

[Event "Kort Paaske 1-1"]
[Site "Svendborg"]
[Date "2019.04.15"]
[Round "4"]
[White "Kirkebaekke, Mark"]
[Black "Hansen, Ib Lynaes"]
[Result "1-0"]
[WhiteElo "1873"]
[BlackElo "1846"]
[EventDate "2019.04.13"]
[EventRounds "5"]
[EventCountry "DEN"]
[WhiteFideId "1414917"]
[BlackFideId "1407511"]

1. e4 e6 2. c4 b6 3. d4 Bb7 4. d5 Bb4+ 5. Nc3 Qe7 6. Be3 exd5 7. exd5 Na6 8. Bd3 Bxc3+ 9. bxc3 Nc5 10. Bc2 Nf6 11. h3 Nfe4 12. Ne2 O-O-O 13. Qd4 f5 14. f3 Qh4+ 15. g3 Qh5 16. fxe4 fxe4 17. Nf4 Qf3 18. Rg1 Nd3+ 19. Kd2 c5 20. Qxg7 Rhg8 21. Qxg8 Rxg8 22. Bd1 Qxg3 23. Rxg3 Rxg3 24. Nxd3 exd3 25. Bg4 Ba6 26. Rf1 Bxc4 27. Bf2 Rg2 28. Bf3 Rh2 29. a3 Rxh3 30. Bg1 Kc7 31. Bg4 Rh6 32. Rf7 Bxd5 33. Rxd7+ Kc6 34. Rg7 Be4 35. Ke3 Bg6 36. c4 b5 37. Bd7+ Kb6 38. Bxb5 Rh3+ 39. Kf2 d2 40. Rd7 Bd3 41. Ba4 Bxc4 42. Rxd2 Rxa3 43. Rd6+ Ka5 44. Bc6 Kb4 45. Be4 h5 46. Kg2 Be2 47. Rc6 Ra5 48. Be3 Kc4 49. Rc7 a6 50. Bg6 Rb5 51. Kf2 Bg4 52. Bf7+ Kd3 53. Bxc5 Rb2+ 54. Kg3 Rb5 55. Ba3 Ra5 56. Bb4 Rb5 57. Bc4+ Kd4 58. Bc3+  1-0

[Event "Kort Paaske 1-1"]
[Site "Svendborg"]
[Date "2019.04.15"]
[Round "4"]
[White "Moller, Albert Mechlenburg"]
[Black "Christensen, John Christopher H"]
[Result "1/2-1/2"]
[WhiteElo "1874"]
[BlackElo "1826"]
[EventDate "2019.04.13"]
[EventRounds "5"]
[EventCountry "DEN"]
[WhiteFideId "1447947"]
[BlackFideId "1453947"]

1. c4 c5 2. Nc3 Nf6 3. g3 e6 4. Bg2 Nc6 5. e3 d5 6. cxd5 exd5 7. d4 cxd4 8. exd4 Be6 9. Nge2 Qd7 10. O-O Bh3 11. Bxh3 Qxh3 12. Nf4 Qd7 13. Re1+ Be7 14. Nd3 O-O 15. Ne5 Nxe5 16. dxe5 Ne8 17. Qxd5 Qc7 18. e6 Nf6 19. exf7+ Rxf7 20. Qe6 Re8 21. Bg5 Bc5 22. Qb3 Bxf2+ 23. Kxf2 Qc5+ 24. Kg2 Qxg5 25. Rxe8+ Nxe8 26. Re1 Nd6 27. Qe6 Qf6 28. Qxf6 Rxf6 29. Re7 Rf7 30. Re6 Rd7 31. b3 Kf7 32. Re2 Nf5  1/2-1/2

[Event "Kort Paaske 1-1"]
[Site "Svendborg"]
[Date "2019.04.15"]
[Round "4"]
[White "Kuhn, Morten"]
[Black "Oehlerich, Per"]
[Result "1-0"]
[WhiteElo "1796"]
[BlackElo "1933"]
[EventDate "2019.04.13"]
[EventRounds "5"]
[EventCountry "DEN"]
[WhiteFideId "1442015"]
[BlackFideId "1408410"]

1. e4 e6 2. d4 d5 3. Nd2 dxe4 4. Nxe4 Nd7 5. Nf3 Ngf6 6. Ng3 c5 7. c3 Be7 8. Bd3 O-O 9. O-O a6 10. a4 b6 11. Qc2 Bb7 12. Re1 cxd4 13. Nxd4 Nc5 14. Bc4 Bd5 15. Bxd5 Qxd5 16. Ngf5 exf5 17. Rxe7 g6 18. Re1 Ne6 19. Be3 Ng4 20. Nxe6 Nxe3 21. Rxe3 fxe6 22. Rd1 Qc6 23. Red3 Qe4 24. Qb3 b5 25. axb5 axb5 26. Re3 Qc4 27. Qxc4 bxc4 28. Rxe6 Rfb8 29. Rc6 Rxb2 30. Rxc4 Raa2 31. Rc7 Rd2 32. Rf1 Rac2 33. g3 h5 34. c4 Kf8 35. c5 f4 36. gxf4 Rc4 37. Ra1 Rd8 38. Raa7 Rxf4 39. h3 Rf5 40. c6 Rd1+ 41. Kg2 Rd8 42. h4 Rf4 43. Rh7 Rg4+ 44. Kf3 Kg8 45. Rhd7 Rf8+ 46. Ke3 Re8+ 47. Kd3 Rg1 48. Kc2 Rg2 49. Rd2 Rg4 50. Kc3 Rxh4 51. c7 Rhe4 52. Rd8 Re1 53. Kb3 Rb1+ 54. Kc2  1-0

[Event "Kort Paaske 1-1"]
[Site "Svendborg"]
[Date "2019.04.15"]
[Round "5"]
[White "Grotnes, Nils"]
[Black "Ramkilde, Mikael"]
[Result "1-0"]
[WhiteElo "2180"]
[BlackElo "1949"]
[EventDate "2019.04.13"]
[EventRounds "5"]
[EventCountry "DEN"]
[WhiteFideId "1500317"]
[BlackFideId "1439391"]

1. d4 Nf6 2. c4 e6 3. Nc3 Bb4 4. e3 O-O 5. Nge2 Re8 6. a3 Bf8 7. e4 e5 8. dxe5 Rxe5 9. f3 d6 10. b4 a5 11. Bb2 Re8 12. Nd5 Nbd7 13. Qb3 Nh5 14. g4 c6 15. Ne3 Nhf6 16. Bg2 Ne5 17. O-O Qc7 18. h3 h6 19. f4 Ned7 20. Ng3 Qb6 21. g5 hxg5 22. fxg5 Nc5 23. Qc2 Ncxe4 24. c5 dxc5 25. Nc4 Qc7 26. Nxe4 Nxe4 27. Bxe4 Qg3+ 28. Qg2 Qb3 29. Rf4 cxb4 30. Rh4 Bc5+ 31. Kh1 Be6 32. Bh7+ Kf8 33. Bc2 Qxc4 34. Rxc4 Bxc4 35. axb4 Bd5 36. Qxd5 cxd5 37. bxc5 Re2 38. Rc1 Rae8 39. Bc3 R8e3 40. Bf5 a4 41. Bb4 Kg8 42. Ra1 g6 43. Bg4 Rb2 44. Rxa4 Reb3 45. Ba5 Rc2 46. Ra1 Rbb2 47. Rd1 Rh2+ 48. Kg1 Rbg2+ 49. Kf1 Rxg4 50. hxg4  1-0

[Event "Kort Paaske 1-1"]
[Site "Svendborg"]
[Date "2019.04.15"]
[Round "5"]
[White "Nielsen, Aage Sondergaard"]
[Black "Voll, Oddvar U"]
[Result "1-0"]
[WhiteElo "1911"]
[BlackElo "1914"]
[EventDate "2019.04.13"]
[EventRounds "5"]
[EventCountry "DEN"]
[WhiteFideId "1409859"]
[BlackFideId "1533827"]

1. e4 d6 2. d4 Nf6 3. Nc3 Nbd7 4. Nf3 e5 5. dxe5 dxe5 6. a3 c6 7. Bg5 Be7 8. Qd2 Qc7 9. Bc4 Nf8 10. h3 h6 11. Bh4 g5 12. Bg3 Ng6 13. O-O-O b5 14. Bb3 b4 15. axb4 Bxb4 16. Bxe5 Nxe5 17. Nxe5 Nxe4 18. Qd4 Bxc3 19. bxc3 f5 20. Nxc6  1-0

[Event "Kort Paaske 1-1"]
[Site "Svendborg"]
[Date "2019.04.15"]
[Round "5"]
[White "Oehlerich, Per"]
[Black "Christensen, Anders"]
[Result "1/2-1/2"]
[WhiteElo "1933"]
[BlackElo "1918"]
[EventDate "2019.04.13"]
[EventRounds "5"]
[EventCountry "DEN"]
[WhiteFideId "1408410"]
[BlackFideId "1415921"]

1. e4 c5 2. c3 Nf6 3. e5 Nd5 4. Bc4 Nb6 5. Bb3 Nc6 6. Nf3 e6 7. d4 d6 8. exd6 Qxd6 9. Be3 c4 10. Bc2 Nd5 11. O-O Qc7 12. Nbd2 Nb6 13. Qe2 Na5 14. g3 Bd6 15. Ne4 Nd5 16. Nxd6+ Qxd6 17. b4 cxb3 18. axb3 Nc6 19. Bd2 Bd7 20. b4 Nce7 21. c4 Nf6 22. Rfb1 O-O 23. Bf4 Qb6 24. Bg5 Ng6 25. Ne5 Be8 26. Be3 Qc7 27. Nxg6 hxg6 28. Bf4 Qd8 29. Rd1 a6 30. Bg5 Bc6 31. Ra3 Qb6 32. Bxf6 gxf6 33. Qd2 Kg7 34. c5 Qc7 35. Ba4 Bd5 36. Bb3 Rad8 37. Bxd5 Rxd5 38. Rd3 Rh8 39. Kg2 Qc6 40. f3 Rhd8 41. Qc3 Qb5 42. R3d2 Qd7 43. Qc4 Rh8 44. Kg1 Qc6 45. Qc3 Rhd8  1/2-1/2

[Event "Kort Paaske 1-1"]
[Site "Svendborg"]
[Date "2019.04.15"]
[Round "5"]
[White "Kirkebaekke, Mark"]
[Black "Nielsen, Michael Volstrup"]
[Result "1/2-1/2"]
[WhiteElo "1873"]
[BlackElo "1906"]
[EventDate "2019.04.13"]
[EventRounds "5"]
[EventCountry "DEN"]
[WhiteFideId "1414917"]
[BlackFideId "1454749"]

1. e4 d6 2. d4 Nf6 3. Nc3 Nbd7 4. f4 e5 5. Nf3 exd4 6. Qxd4 c6 7. Bc4 b5 8. Bxf7+ Kxf7 9. Ng5+ Kg8 10. e5 dxe5 11. fxe5 Bc5 12. Qd3 Qe7 13. e6 Nf8 14. Bd2 Bxe6 15. O-O-O Rd8 16. Qe2 Bg4 17. Qxe7 Bxe7 18. Rde1 Bc5 19. h3 Bf5 20. g4 Bg6 21. Nf3 N8d7 22. Rhf1 h6 23. g5 Nd5 24. Nh4 Kh7 25. Nxg6 Kxg6 26. Re6+ Kh7 27. g6+ Kg8 28. Rxc6 Ne7 29. Re6 Nf8 30. Re5 Bd4 31. Rxe7 Nxg6 32. Rb7 a6 33. Rff7 Kh7 34. Ne2 Be5 35. c3 Rhf8 36. Rxf8 Rxf8 37. Rb6 Rf6 38. Rxf6 Bxf6 39. Kc2 Ne5 40. Nf4 g5 41. Nd5 Bd8 42. b3 Kg6 43. Be3 Kf5 44. Bd4  1/2-1/2

[Event "Kort Paaske 1-1"]
[Site "Svendborg"]
[Date "2019.04.15"]
[Round "5"]
[White "Hansen, Ib Lynaes"]
[Black "Falberg, Hugo"]
[Result "0-1"]
[WhiteElo "1846"]
[BlackElo "1874"]
[EventDate "2019.04.13"]
[EventRounds "5"]
[EventCountry "DEN"]
[WhiteFideId "1407511"]
[BlackFideId "1406159"]

1. e4 e5 2. Nf3 Nc6 3. d4 exd4 4. Bc4 Nf6 5. O-O Nxe4 6. Re1 d5 7. Nxd4 Bc5 8. Bxd5 Qxd5 9. Nc3 Qxd4 10. Rxe4+ Qxe4 11. Nxe4 Bb6 12. Bg5 O-O 13. Qh5 Bf5 14. Qf3 Nd4 15. Qd3 Rfe8 16. Re1 Re5 17. Kf1 Rae8 18. f3 Bg6 19. c3 Ne6 20. Be3 f5 21. Bxb6 fxe4 22. Qd7 axb6 23. fxe4 Rd8 24. Qa4 Nc5 25. Qc4+ Bf7 26. Qb4 Nd3 27. Qa4 Nxe1 28. Kxe1 Rde8 29. Qa7 Rxe4+ 30. Kf2 Bd5 31. b3 Re2+ 32. Kg3 Rxg2+  0-1

[Event "Kort Paaske 1-1"]
[Site "Svendborg"]
[Date "2019.04.15"]
[Round "5"]
[White "Christensen, John Christopher H"]
[Black "Steenstrup, Svend"]
[Result "1-0"]
[WhiteElo "1826"]
[BlackElo "1964"]
[EventDate "2019.04.13"]
[EventRounds "5"]
[EventCountry "DEN"]
[WhiteFideId "1453947"]
[BlackFideId "1409182"]

1. e4 d5 2. exd5 Qxd5 3. d4 Nc6 4. Nf3 Bg4 5. Be2 O-O-O 6. c3 e5 7. Be3 e4 8. Nfd2 h5 9. Bxg4+ hxg4 10. Qxg4+ f5 11. Qe2 Bd6 12. g3 g5 13. Bxg5 e3 14. Nf3 exf2+ 15. Kxf2 Rf8 16. Nbd2 Nf6 17. Bxf6 Rxf6 18. Qc4 Qa5 19. Nb3 Qb6 20. Rae1 Nd8 21. Re2 Ne6 22. Kg2 Nf8 23. Rhe1 Ng6 24. Re6 Rhf8 25. Rxf6 Rxf6 26. Re6  1-0

[Event "Kort Paaske 1-1"]
[Site "Svendborg"]
[Date "2019.04.15"]
[Round "5"]
[White "Kuhn, Morten"]
[Black "Sonderskov, Per"]
[Result "1/2-1/2"]
[WhiteElo "1796"]
[BlackElo "1747"]
[EventDate "2019.04.13"]
[EventRounds "5"]
[EventCountry "DEN"]
[WhiteFideId "1442015"]
[BlackFideId "1451790"]

1. e4 d5 2. exd5 Nf6 3. c4 e6 4. dxe6 Bxe6 5. Nf3 Nc6 6. Be2 Bc5 7. d3 Qd7 8. O-O Rd8 9. Be3 Qe7 10. Bxc5 Qxc5 11. Nbd2 Qb6 12. Qb3 Bf5 13. Qc3 O-O 14. Rfd1 Rfe8 15. Bf1 a5 16. a3 a4 17. b4 Nd4 18. Nxd4 Qxd4 19. Qxd4 Rxd4 20. Nf3 Rd6 21. Nh4 Bg4 22. f3 Be6 23. g4 Red8 24. Be2 Rd4 25. Ng2 g5 26. Ne3 Re8 27. Kf2 h5 28. h3 Rf4 29. Ng2 Rd4 30. Ke1 Nd7 31. Rac1 Ne5 32. Rc3 b5 33. cxb5 Bb3 34. Rxb3 axb3 35. Kd2 hxg4 36. hxg4 Red8 37. Kc3 b2 38. Ne1 R4d5 39. Kxb2 Rxb5 40. d4 Rbd5 41. Nc2 Nc6 42. Kc3 Kf8 43. b5 Ne7 44. Bc4 R5d6 45. Rd3 Nd5+ 46. Bxd5 Rxd5 47. Kc4 R5d6 48. Nb4 Ke8 49. Nc6 Ra8 50. Kb4 Kd7 51. Ne5+ Ke6 52. a4 Rb8 53. Kc4 Ra8 54. Ra3 f5 55. gxf5+ Kxf5 56. a5 Ke6 57. a6 Rb6 58. Nc6 Kd6 59. d5 Rf8 60. Re3 Rf4+ 61. Nd4 Rb8 62. a7 Ra8 63. Ra3 Ke5 64. Kc5 Rxd4 65. Re3+ Kf4 66. Kxd4 Rxa7 67. Rc3 Rb7 68. Kc5 g4 69. fxg4 Kxg4 70. Re3 Kf4 71. Re7 Kf5 72. Kc6 Rb6+ 73. Kxc7 Rxb5 74. d6 Rb1 75. Re2 Rc1+ 76. Kd8 Kf6 77. Re7 Ra1 78. Rc7 Ke6 79. d7 Kd6 80. Rc8 Rh1 81. Ke8 Rh8+ 82. Kf7 Rh7+  1/2-1/2

[Event "Kort Paaske 1-1"]
[Site "Svendborg"]
[Date "2019.04.15"]
[Round "5"]
[White "Jacobsen, Jonathan Roed Gundorf"]
[Black "Moller, Albert Mechlenburg"]
[Result "0-1"]
[WhiteElo "1860"]
[BlackElo "1874"]
[EventDate "2019.04.13"]
[EventRounds "5"]
[EventCountry "DEN"]
[WhiteFideId "1461044"]
[BlackFideId "1447947"]

1. d4 Nf6 2. c4 g6 3. Nc3 d5 4. cxd5 Nxd5 5. e4 Nxc3 6. bxc3 Bg7 7. Rb1 c5 8. Be2 Nc6 9. Nf3 cxd4 10. cxd4 Nxd4 11. Nxd4 Qxd4 12. Bb5+ Kf8 13. O-O a6 14. Qxd4 Bxd4 15. Rd1 e5 16. Bh6+ Ke7 17. Bc4 b5 18. Bd5 Rb8 19. a4 Bg4 20. Rdc1 bxa4 21. Rc7+ Bd7 22. Rbb7 Rxb7 23. Rxb7 Rc8 24. h3 a3 25. Bg5+ Kd6 26. Bb3 Rc3 27. Bd2 Rxb3 28. Rxb3 a2 29. Bb4+ Ke6  0-1